[Event "I Memorial Felix Alexander Sonnenfeld"]
[Site "Rio de Janeiro BRA"]
[Date "2009.02.01"]
[Round "1.1"]
[White "Silva, Celso Renato R. Da"]
[Black "Limp, Eduardo Thelio"]
[Result "1/2-1/2"]
[WhiteElo "2196"]
[BlackElo "2389"]
[PlyCount "65"]
[EventDate "2009.02.01"]
[EventType "tourn"]
[EventRounds "9"]
[EventCountry "BRA"]
[EventCategory "2"]
[Source "lmi"]
[SourceDate "2009.02.01"]

1. Nf3 d5 2. e4 c6 3. exd5 cxd5 4. d4 Nf6 5. Be2 Nc6 6. O-O Bg4 7. c3 e6 8.
Nbd2 Bd6 9. h3 Bh5 10. Qa4 O-O 11. Bb5 Qc7 12. c4 dxc4 13. Bxc6 bxc6 14. g4 Bg6
15. Nxc4 Bd3 16. Re1 Bxc4 17. Qxc4 Rfc8 18. Bd2 Nd5 19. Ne5 Qb7 20. Nd3 Qe7 21.
Re4 Qh4 22. Kg2 f5 23. Rxe6 fxg4 24. Rxd6 Qxh3+ 25. Kg1 g3 26. Rxd5 Qh2+ 27.
Kf1 g2+ 28. Ke2 cxd5 29. Qxd5+ Kh8 30. Qg5 Re8+ 31. Be3 Rac8 32. Kd2 Rc6 33.
Nf4 1/2-1/2

[Event "I Memorial Felix Alexander Sonnenfeld"]
[Site "Rio de Janeiro BRA"]
[Date "2009.02.01"]
[Round "1.2"]
[White "Santos, Marcus Vinicius M"]
[Black "Guimaraes, Wagner Peixoto"]
[Result "1-0"]
[WhiteElo "2393"]
[BlackElo "2253"]
[PlyCount "71"]
[EventDate "2009.02.01"]
[EventType "tourn"]
[EventRounds "9"]
[EventCountry "BRA"]
[EventCategory "2"]
[Source "lmi"]
[SourceDate "2009.02.01"]

1. Nf3 Nf6 2. c4 g6 3. Nc3 Bg7 4. e4 d6 5. d4 O-O 6. Be2 Na6 7. O-O e5 8. Be3
c6 9. Qd2 Bg4 10. h3 exd4 11. Bxd4 Bc8 12. Rfe1 Re8 13. Bf1 c5 14. Be3 Be6 15.
Rad1 Qa5 16. Bh6 Bh8 17. Qxd6 Rad8 18. Qf4 Rxd1 19. Rxd1 Nh5 20. Qd2 Bxc3 21.
Qxc3 Qxc3 22. bxc3 Nf6 23. Ng5 Bc8 24. f4 Nh5 25. e5 Ng3 26. Bd3 Rd8 27. Kf2
Bf5 28. Bxf5 Rxd1 29. e6 f6 30. e7 Nc7 31. Be6+ Kh8 32. Nf7+ Kg8 33. Kxg3 Re1
34. Nd8+ Kh8 35. Kf2 Ra1 36. Bf7 1-0

[Event "I Memorial Felix Alexander Sonnenfeld"]
[Site "Rio de Janeiro BRA"]
[Date "2009.02.01"]
[Round "1.3"]
[White "Guerrero, Alvaro"]
[Black "Medeiros Jr, Jorge Luiz Cabral"]
[Result "1-0"]
[WhiteElo "2178"]
[BlackElo "2295"]
[PlyCount "63"]
[EventDate "2009.02.01"]
[EventType "tourn"]
[EventRounds "9"]
[EventCountry "BRA"]
[EventCategory "2"]
[Source "lmi"]
[SourceDate "2009.02.01"]

1. d4 Nf6 2. c4 c5 3. d5 b5 4. cxb5 a6 5. Nc3 axb5 6. Nxb5 Ba6 7. Nc3 g6 8. Nf3
Bg7 9. e4 Bxf1 10. Kxf1 d6 11. h3 O-O 12. Kg1 Nbd7 13. Kh2 Qb6 14. Re1 Rfb8 15.
Re2 Ne8 16. Qc2 Nc7 17. a4 Qb3 18. Qd3 c4 19. Qe3 Qb6 20. Qg5 Bf6 21. Qh6 Bg7
22. Qh4 Re8 23. Be3 Qb4 24. Nd4 Bxd4 25. Bxd4 f6 26. f4 Nc5 27. e5 Nb3 28. exf6
Nxd4 29. f7+ Kxf7 30. Qxh7+ Kf8 31. Ne4 e5 32. Ng5 1-0

[Event "I Memorial Felix Alexander Sonnenfeld"]
[Site "Rio de Janeiro BRA"]
[Date "2009.02.01"]
[Round "1.4"]
[White "Perdomo, Leandro"]
[Black "Chauca, Jose"]
[Result "1-0"]
[WhiteElo "2387"]
[BlackElo "2173"]
[PlyCount "51"]
[EventDate "2009.02.01"]
[EventType "tourn"]
[EventRounds "9"]
[EventCountry "BRA"]
[EventCategory "2"]
[Source "lmi"]
[SourceDate "2009.02.01"]

1. d4 Nf6 2. c4 c5 3. d5 b5 4. Nf3 Bb7 5. Qc2 Qa5+ 6. Bd2 b4 7. e4 d6 8. Bd3 g6
9. a3 Bg7 10. Qb3 Nfd7 11. Ra2 Qb6 12. axb4 cxb4 13. Qxb4 Qc7 14. Qa5 Nb6 15.
Bc3 f6 16. Nd4 Qc8 17. b4 N8d7 18. Ne6 Kf7 19. c5 Nxd5 20. exd5 Bxd5 21. Nc7
Bxg2 22. Rg1 Qb7 23. Nxa8 Rxa8 24. Qb5 Qf3 25. Nd2 Qh3 26. Rxg2 1-0

[Event "I Memorial Felix Alexander Sonnenfeld"]
[Site "Rio de Janeiro BRA"]
[Date "2009.02.01"]
[Round "1.5"]
[White "Cunha, Eduardo Arruda"]
[Black "Saldaño Dayer, Horacio"]
[Result "1-0"]
[WhiteElo "2206"]
[BlackElo "2450"]
[PlyCount "67"]
[EventDate "2009.02.01"]
[EventType "tourn"]
[EventRounds "9"]
[EventCountry "BRA"]
[EventCategory "2"]
[Source "lmi"]
[SourceDate "2009.02.01"]

1. e4 c5 2. Nf3 d6 3. d4 Nf6 4. Nc3 cxd4 5. Nxd4 a6 6. Bg5 e6 7. f4 Be7 8. Qf3
Qc7 9. O-O-O Nbd7 10. Bd3 b5 11. Rhe1 Bb7 12. Qg3 b4 13. Nd5 exd5 14. exd5 Kd8
15. Nc6+ Bxc6 16. dxc6 Nc5 17. Bh4 g6 18. Rxe7 Qxe7 19. Re1 Ne6 20. f5 gxf5 21.
Bxf6 Qxf6 22. Qxd6+ Ke8 23. c7 Rc8 24. Bxa6 Qe7 25. Qc6+ Qd7 26. Qc5 Rxc7 27.
Qe5 Ke7 28. Qxh8 Qc6 29. Bd3 Qd6 30. Kb1 Qxh2 31. Bxf5 Qh4 32. Qe5 Rc6 33. Qe4
Qxe4 34. Bxe4 1-0

[Event "I Memorial Felix Alexander Sonnenfeld"]
[Site "Rio de Janeiro BRA"]
[Date "2009.02.01"]
[Round "2.1"]
[White "Limp, Eduardo Thelio"]
[Black "Saldaño Dayer, Horacio"]
[Result "1/2-1/2"]
[WhiteElo "2389"]
[BlackElo "2450"]
[PlyCount "74"]
[EventDate "2009.02.01"]
[EventType "tourn"]
[EventRounds "9"]
[EventCountry "BRA"]
[EventCategory "2"]
[Source "lmi"]
[SourceDate "2009.02.01"]

1. d4 e6 2. Nf3 d5 3. c3 Bd6 4. g3 f5 5. Bf4 Bxf4 6. gxf4 Nf6 7. e3 O-O 8. Nbd2
Ne4 9. h4 Nd7 10. Ne5 Nxe5 11. fxe5 c5 12. f4 Nxd2 13. Qxd2 Qc7 14. dxc5 Qxc5
15. Qd4 Qe7 16. O-O-O Bd7 17. Kb1 a5 18. h5 b5 19. h6 g6 20. Bd3 Bc6 21. Rdg1
Rab8 22. Rh2 Rfc8 23. b4 a4 24. Kb2 Be8 25. a3 Kh8 26. Kc2 Kg8 27. Kb2 Kh8 28.
Be2 Rc7 29. Bd3 Kg8 30. Be2 Kh8 31. Qd2 Rbc8 32. Rc1 Kg8 33. Bd3 Kh8 34. Qe2
Rb8 35. Qf2 Kg8 36. Kc2 Rbc8 37. Kb2 Rb8 1/2-1/2

[Event "I Memorial Felix Alexander Sonnenfeld"]
[Site "Rio de Janeiro BRA"]
[Date "2009.02.01"]
[Round "2.3"]
[White "Medeiros Jr, Jorge Luiz Cabral"]
[Black "Perdomo, Leandro"]
[Result "0-1"]
[WhiteElo "2295"]
[BlackElo "2387"]
[PlyCount "70"]
[EventDate "2009.02.01"]
[EventType "tourn"]
[EventRounds "9"]
[EventCountry "BRA"]
[EventCategory "2"]
[Source "lmi"]
[SourceDate "2009.02.01"]

1. d4 Nf6 2. Nf3 g6 3. c4 Bg7 4. Nc3 O-O 5. Bf4 c5 6. e4 cxd4 7. Nxd4 d6 8. Nc2
Nc6 9. Be2 Be6 10. Ne3 Nd7 11. Rc1 Nc5 12. f3 Nd4 13. O-O a5 14. Kh1 Bd7 15.
Ned5 e5 16. Be3 f5 17. g3 Nce6 18. Qd2 Bc6 19. Kg2 f4 20. gxf4 exf4 21. Bf2
Qg5+ 22. Kh1 Qh5 23. Qd1 Rf7 24. Rg1 Kh8 25. Rg4 Qe5 26. Qd2 g5 27. Rcg1 h5 28.
R4g2 g4 29. Qd1 Nxe2 30. Qxe2 Ng5 31. Qd3 Nxf3 32. Rd1 Ng5 33. Nxf4 Qxf4 34.
Bg3 Nxe4 35. Nd5 Qf3 0-1

[Event "I Memorial Felix Alexander Sonnenfeld"]
[Site "Rio de Janeiro BRA"]
[Date "2009.02.01"]
[Round "2.4"]
[White "Guimaraes, Wagner Peixoto"]
[Black "Guerrero, Alvaro"]
[Result "1-0"]
[WhiteElo "2253"]
[BlackElo "2178"]
[PlyCount "73"]
[EventDate "2009.02.01"]
[EventType "tourn"]
[EventRounds "9"]
[EventCountry "BRA"]
[EventCategory "2"]
[Source "lmi"]
[SourceDate "2009.02.01"]

1. e4 c5 2. Nf3 Nc6 3. d4 cxd4 4. Nxd4 Nf6 5. Nc3 d6 6. Be2 e5 7. Nf3 h6 8. O-O
Be7 9. h3 O-O 10. Re1 a6 11. a4 Be6 12. Bf1 Rc8 13. b3 Nb4 14. Bb2 Rc6 15. Nd2
Qc7 16. Nc4 Rd8 17. Qb1 Nh5 18. a5 f6 19. Ra4 d5 20. exd5 Nxd5 21. Nxd5 Bxd5
22. Ne3 Be6 23. Be2 Nf4 24. Bf3 Rcd6 25. Ng4 Bf7 26. Ne3 Rd2 27. Bc1 R2d7 28.
Bg4 Rd4 29. Rxd4 exd4 30. Nf5 Bb4 31. Re4 Ng6 32. Bb2 Bc5 33. Bxd4 Bd5 34. Re3
Qf4 35. g3 Qc7 36. c4 Bf7 37. b4 1-0

[Event "I Memorial Felix Alexander Sonnenfeld"]
[Site "Rio de Janeiro BRA"]
[Date "2009.02.01"]
[Round "2.5"]
[White "Silva, Celso Renato R. Da"]
[Black "Santos, Marcus Vinicius M"]
[Result "0-1"]
[WhiteElo "2196"]
[BlackElo "2393"]
[PlyCount "82"]
[EventDate "2009.02.01"]
[EventType "tourn"]
[EventRounds "9"]
[EventCountry "BRA"]
[EventCategory "2"]
[Source "lmi"]
[SourceDate "2009.02.01"]

1. d4 d5 2. c4 c6 3. Nc3 Nf6 4. Nf3 a6 5. e3 b5 6. cxd5 cxd5 7. Be2 Bb7 8. O-O
e6 9. Ne5 Nbd7 10. f4 Bd6 11. a3 O-O 12. Bd2 Ne4 13. Nxe4 dxe4 14. Bc3 f6 15.
Nxd7 Qxd7 16. Qd2 Rfc8 17. Rac1 Bd5 18. Ba5 Qb7 19. Bb4 Qd7 20. Bxd6 Qxd6 21.
b4 Bc4 22. Bxc4 bxc4 23. Rc3 Qd5 24. Qe2 Rc6 25. Rfc1 Rac8 26. h4 R8c7 27. a4
Rc8 28. g4 g6 29. Kg2 e5 30. dxe5 fxe5 31. Rd1 Qe6 32. fxe5 Qxe5 33. Rd4 Rf8
34. Rcxc4 Rf3 35. Qe1 Rxc4 36. Rxc4 Qe6 37. Qg3 Rxg3+ 38. Kxg3 Qxc4 39. b5 axb5
40. axb5 Qxb5 41. Kf4 Qd5 0-1

[Event "I Memorial Felix Alexander Sonnenfeld"]
[Site "Rio de Janeiro BRA"]
[Date "2009.02.02"]
[Round "3.1"]
[White "Santos, Marcus Vinicius M"]
[Black "Limp, Eduardo Thelio"]
[Result "0-1"]
[WhiteElo "2393"]
[BlackElo "2389"]
[PlyCount "114"]
[EventDate "2009.02.01"]
[EventType "tourn"]
[EventRounds "9"]
[EventCountry "BRA"]
[EventCategory "2"]
[Source "lmi"]
[SourceDate "2009.02.01"]

1. Nf3 Nf6 2. c4 c6 3. Nc3 d5 4. d4 g6 5. cxd5 cxd5 6. Bf4 Bg7 7. e3 O-O 8. h3
Nc6 9. Bd3 Bf5 10. Bxf5 gxf5 11. g4 Ne4 12. gxf5 Qd7 13. Nh4 Kh8 14. Qh5 Bf6
15. Nf3 Nb4 16. O-O Nd3 17. Nxe4 dxe4 18. Ne5 Bxe5 19. Bxe5+ f6 20. Bg3 Rg8 21.
h4 Rac8 22. Kh2 Rc2 23. b3 Qd5 24. Rg1 Nxf2 25. Bxf2 Rxf2+ 26. Kh1 Rf3 27. Rg4
Rh3+ 28. Kg2 Rxe3 29. Rg1 Rc3 30. Kh1 e3+ 31. R1g2 Rc1+ 32. Kh2 Qd6+ 33. R2g3
Rcc8 34. Kh3 Qd5 35. Rxg8+ Rxg8 36. Rxg8+ Qxg8 37. Qh6 e2 38. Qe3 Qd5 39. Qxe2
Qxf5+ 40. Kg3 e6 41. Qc4 Qe4 42. Qa4 Kg7 43. Qxa7 f5 44. Qc5 Qg4+ 45. Kf2 Qxh4+
46. Ke3 Qe4+ 47. Kf2 Kg6 48. Qc4 h5 49. Qa4 Kg5 50. Qd7 Kh4 51. Qd6 f4 52. Qe7+
Kh3 53. Qc5 Qe3+ 54. Kf1 Kg4 55. Qe7 Qd3+ 56. Ke1 Qxd4 57. Kf1 Kf3 0-1

[Event "I Memorial Felix Alexander Sonnenfeld"]
[Site "Rio de Janeiro BRA"]
[Date "2009.02.02"]
[Round "3.2"]
[White "Guerrero, Alvaro"]
[Black "Silva, Celso Renato R. Da"]
[Result "1-0"]
[WhiteElo "2178"]
[BlackElo "2196"]
[PlyCount "120"]
[EventDate "2009.02.01"]
[EventType "tourn"]
[EventRounds "9"]
[EventCountry "BRA"]
[EventCategory "2"]
[Source "lmi"]
[SourceDate "2009.02.01"]

1. d4 d5 2. c4 c6 3. Nc3 Nf6 4. Nf3 Bf5 5. e3 h6 6. Be2 e6 7. O-O Nbd7 8. Nd2
Bd6 9. f4 Bc7 10. b4 dxc4 11. Nxc4 Ne4 12. Bb2 Ndf6 13. Nxe4 Bxe4 14. Nd2 Bg6
15. Qb3 Nd5 16. Rac1 O-O 17. Nc4 a6 18. Ba3 Re8 19. Bf3 b5 20. Ne5 Bxe5 21.
fxe5 Qd7 22. Bb2 a5 23. bxa5 Rxa5 24. a3 Ra4 25. Rc5 Rc4 26. Rc1 Rxc1+ 27. Bxc1
Rc8 28. Bd2 Nb6 29. Bb4 Na4 30. Rc1 Nb6 31. Bc5 Na4 32. Bd6 Nb6 33. h3 Nc4 34.
Bb4 Nb6 35. Kh2 Nd5 36. Bc5 f5 37. Bd6 Nb6 38. Bc5 Nc4 39. Be2 Nd2 40. Qa2 Ne4
41. Bb4 f4 42. exf4 Kf7 43. Bg4 h5 44. f5 hxg4 45. fxg6+ Kxg6 46. g3 gxh3 47.
Qe2 Qxd4 48. Rf1 Qxe5 49. Rf4 Qd5 50. Rxe4 Re8 51. Re5 Qg2+ 52. Qxg2 hxg2 53.
Kxg2 Kf6 54. Bc3 Kf7 55. Rc5 Rc8 56. Kf3 g6 57. Ke4 Ke7 58. Bb4 Kd7 59. Rg5 Rg8
60. Ke5 Rc8 1-0

[Event "I Memorial Felix Alexander Sonnenfeld"]
[Site "Rio de Janeiro BRA"]
[Date "2009.02.02"]
[Round "3.3"]
[White "Perdomo, Leandro"]
[Black "Guimaraes, Wagner Peixoto"]
[Result "1/2-1/2"]
[WhiteElo "2387"]
[BlackElo "2253"]
[PlyCount "20"]
[EventDate "2009.02.01"]
[EventType "tourn"]
[EventRounds "9"]
[EventCountry "BRA"]
[EventCategory "2"]
[Source "lmi"]
[SourceDate "2009.02.01"]

1. d4 Nf6 2. Bg5 e6 3. Nf3 Be7 4. Nbd2 c5 5. c3 cxd4 6. cxd4 O-O 7. e3 h6 8.
Bh4 b6 9. Bd3 Bb7 10. O-O d6 1/2-1/2

[Event "I Memorial Felix Alexander Sonnenfeld"]
[Site "Rio de Janeiro BRA"]
[Date "2009.02.02"]
[Round "3.4"]
[White "Cunha, Eduardo Arruda"]
[Black "Medeiros Jr, Jorge Luiz Cabral"]
[Result "1-0"]
[WhiteElo "2206"]
[BlackElo "2295"]
[PlyCount "59"]
[EventDate "2009.02.01"]
[EventType "tourn"]
[EventRounds "9"]
[EventCountry "BRA"]
[EventCategory "2"]
[Source "lmi"]
[SourceDate "2009.02.01"]

1. e4 c5 2. Nf3 d6 3. d4 cxd4 4. Nxd4 Nf6 5. Nc3 Nc6 6. f3 g6 7. Be3 Bg7 8. Qd2
O-O 9. Bc4 Bd7 10. O-O-O Qb8 11. h4 Rc8 12. Bb3 b5 13. a3 a5 14. Nd5 Nxd5 15.
Bxd5 b4 16. a4 Nxd4 17. Bxd4 Bxa4 18. b3 Bxb3 19. Bxb3 a4 20. Bd5 b3 21. c3 a3
22. Bxg7 Kxg7 23. Bxa8 Qxa8 24. h5 Qa5 25. hxg6 Rxc3+ 26. Kb1 hxg6 27. Rc1
Rxc1+ 28. Qxc1 e6 29. Qe3 Qb4 30. e5 1-0

[Event "I Memorial Felix Alexander Sonnenfeld"]
[Site "Rio de Janeiro BRA"]
[Date "2009.02.02"]
[Round "3.5"]
[White "Saldaño Dayer, Horacio"]
[Black "Chauca, Jose"]
[Result "1-0"]
[WhiteElo "2450"]
[BlackElo "2173"]
[PlyCount "51"]
[EventDate "2009.02.01"]
[EventType "tourn"]
[EventRounds "9"]
[EventCountry "BRA"]
[EventCategory "2"]
[Source "lmi"]
[SourceDate "2009.02.01"]

1. e4 c5 2. Nf3 e6 3. Nc3 a6 4. d4 cxd4 5. Nxd4 b5 6. Bd3 Qb6 7. Nf3 d6 8. a4
b4 9. a5 Qc7 10. Na4 Qxa5 11. Be3 Qc7 12. Nb6 Bb7 13. Nxa8 Bxa8 14. Bb5+ Bc6
15. Bxc6+ Qxc6 16. O-O Qxe4 17. Ba7 Nc6 18. Rxa6 Qc4 19. Qa1 Nge7 20. Be3 f6
21. Rd1 Ne5 22. Nxe5 dxe5 23. Ra8+ Kf7 24. Qa4 g5 25. Qe8+ Kg7 26. Rd7 1-0

[Event "I Memorial Felix Alexander Sonnenfeld"]
[Site "Rio de Janeiro BRA"]
[Date "2009.02.03"]
[Round "4.1"]
[White "Limp, Eduardo Thelio"]
[Black "Chauca, Jose"]
[Result "0-1"]
[WhiteElo "2389"]
[BlackElo "2173"]
[PlyCount "128"]
[EventDate "2009.02.01"]
[EventType "tourn"]
[EventRounds "9"]
[EventCountry "BRA"]
[EventCategory "2"]
[Source "lmi"]
[SourceDate "2009.02.01"]

1. d4 g6 2. Nf3 Bg7 3. e4 d6 4. c3 c6 5. Nbd2 Nf6 6. Be2 O-O 7. O-O Bg4 8. Qc2
Nbd7 9. h3 Bxf3 10. Nxf3 e5 11. dxe5 dxe5 12. Be3 Qc7 13. a4 a5 14. Rfd1 Rfe8
15. Bc4 h6 16. Qb3 Re7 17. Nh4 Kf8 18. f3 b6 19. g4 Nc5 20. Qa3 Nfd7 21. Rd2
Ke8 22. Rad1 Bf6 23. Ng2 Bg5 24. h4 Bxe3+ 25. Nxe3 Nf8 26. Ba2 Rd7 27. Rxd7
Nfxd7 28. Nc4 Nb7 29. Qb3 Ra6 30. Qc2 Nf8 31. Qd2 b5 32. axb5 cxb5 33. Ne3 Qc5
34. Kf1 Rf6 35. Kg2 Rd6 36. Nd5 Ne6 37. Qxh6 Nf4+ 38. Kf1 Rxd5 39. Rxd5 Qe3 40.
Qh8+ Ke7 41. Qxe5+ Kf8 42. Qh8+ Ke7 43. Re5+ Kd7 44. Qe8+ Kc7 45. Re7+ Kb6 46.
Rxb7+ Kxb7 47. Qxb5+ Ka7 48. Qxa5+ Kb7 49. Qb5+ Kc7 50. Qc4+ Kb8 51. Qb4+ Kc7
52. Qe7+ Kb6 53. Qd6+ Kb7 54. Qd7+ Kb8 55. Qe8+ Kc7 56. Qxf7+ Kd8 57. Qf6+ Kc7
58. Qe5+ Kb7 59. Bd5+ Kc8 60. Qe8+ Kc7 61. Qe7+ Kc8 62. Be6+ Kb8 63. Qd8+ Kb7
64. Bd5+ Nxd5 0-1

[Event "I Memorial Felix Alexander Sonnenfeld"]
[Site "Rio de Janeiro BRA"]
[Date "2009.02.03"]
[Round "4.2"]
[White "Medeiros Jr, Jorge Luiz Cabral"]
[Black "Saldaño Dayer, Horacio"]
[Result "0-1"]
[WhiteElo "2295"]
[BlackElo "2450"]
[PlyCount "70"]
[EventDate "2009.02.01"]
[EventType "tourn"]
[EventRounds "9"]
[EventCountry "BRA"]
[EventCategory "2"]
[Source "lmi"]
[SourceDate "2009.02.01"]

1. Nf3 c5 2. c4 Nc6 3. Nc3 g6 4. e3 Bg7 5. d4 d6 6. h3 b6 7. Be2 Nf6 8. d5 Na5
9. e4 O-O 10. O-O e5 11. Ne1 Ne8 12. f4 f5 13. fxe5 dxe5 14. b3 Nd6 15. Bd3 f4
16. Be2 h5 17. Nd3 Qe7 18. Bf3 Rf7 19. Qe2 Bd7 20. Bd2 Nab7 21. a4 a5 22. Nd1
Bf6 23. Bc3 Re8 24. Qb2 Bh8 25. Kf2 Rh7 26. Ke2 g5 27. N1f2 Qg7 28. Kd2 g4 29.
hxg4 hxg4 30. Rh1 Rxh1 31. Rxh1 Nf7 32. Bd1 g3 33. Nh3 Bxh3 34. gxh3 Qh7 35.
Bf3 Ng5 0-1

[Event "I Memorial Felix Alexander Sonnenfeld"]
[Site "Rio de Janeiro BRA"]
[Date "2009.02.03"]
[Round "4.3"]
[White "Guimaraes, Wagner Peixoto"]
[Black "Cunha, Eduardo Arruda"]
[Result "0-1"]
[WhiteElo "2253"]
[BlackElo "2206"]
[PlyCount "66"]
[EventDate "2009.02.01"]
[EventType "tourn"]
[EventRounds "9"]
[EventCountry "BRA"]
[EventCategory "2"]
[Source "lmi"]
[SourceDate "2009.02.01"]

1. e4 c5 2. Nf3 d6 3. d4 cxd4 4. Nxd4 Nf6 5. Nc3 a6 6. f4 Qc7 7. Bd3 Nc6 8. Nf3
e6 9. O-O Be7 10. Qe1 O-O 11. Qg3 Nb4 12. Bd2 Nh5 13. Qh3 Nxf4 14. Bxf4 e5 15.
Qg3 exf4 16. Qxf4 Bd7 17. a3 Nxd3 18. cxd3 Be6 19. d4 Qb6 20. Nd5 Bxd5 21. exd5
Qxb2 22. Qe3 Bf6 23. Rab1 Qa2 24. Qb3 Qxb3 25. Rxb3 b5 26. Rc1 Rfe8 27. Rc6 Be7
28. a4 bxa4 29. Ra3 Reb8 30. Rxa4 a5 31. Kf2 g6 32. Rc7 Kf8 33. g4 Rb5 0-1

[Event "I Memorial Felix Alexander Sonnenfeld"]
[Site "Rio de Janeiro BRA"]
[Date "2009.02.03"]
[Round "4.4"]
[White "Silva, Celso Renato R. Da"]
[Black "Perdomo, Leandro"]
[Result "0-1"]
[WhiteElo "2196"]
[BlackElo "2389"]
[PlyCount "72"]
[EventDate "2009.02.01"]
[EventType "tourn"]
[EventRounds "9"]
[EventCountry "BRA"]
[EventCategory "2"]
[Source "lmi"]
[SourceDate "2009.02.01"]

1. Nf3 Nf6 2. g3 g6 3. d4 Bg7 4. Bg2 O-O 5. O-O d6 6. b3 a5 7. Bb2 c6 8. Nbd2
a4 9. a3 axb3 10. c4 Nbd7 11. Qxb3 Qc7 12. e4 e5 13. d5 Nc5 14. Qc2 Na4 15. Qb3
Nd7 16. Ne1 Ndc5 17. Qc2 f5 18. f3 Qb6 19. Rb1 Nxe4+ 20. c5 Qxc5+ 21. Qxc5
Nexc5 22. dxc6 Nxb2 23. cxb7 Bxb7 24. Rxb2 Ba6 25. Rb6 e4 26. fxe4 Bd4+ 27. Kh1
Bxf1 28. Bxf1 Nxe4 29. Nxe4 Bxb6 30. Nxd6 Rxa3 31. Bc4+ Kg7 32. Kg2 Rd8 33. Nb5
Rd2+ 34. Kh3 g5 35. Nxa3 g4+ 36. Kh4 Bd8+ 0-1

[Event "I Memorial Felix Alexander Sonnenfeld"]
[Site "Rio de Janeiro BRA"]
[Date "2009.02.03"]
[Round "4.5"]
[White "Santos, Marcus Vinicius M"]
[Black "Guerrero, Alvaro"]
[Result "1/2-1/2"]
[WhiteElo "2393"]
[BlackElo "2178"]
[PlyCount "102"]
[EventDate "2009.02.01"]
[EventType "tourn"]
[EventRounds "9"]
[EventCountry "BRA"]
[EventCategory "2"]
[Source "lmi"]
[SourceDate "2009.02.01"]

1. Nf3 d6 2. d4 Nf6 3. c4 g6 4. Nc3 Bg7 5. e4 O-O 6. Be2 e5 7. O-O Nc6 8. d5
Ne7 9. b4 Nh5 10. Re1 f5 11. Ng5 Nf6 12. Bf3 fxe4 13. Ncxe4 Nf5 14. Nxf6+ Bxf6
15. Ne4 Nd4 16. Bb2 Nxf3+ 17. Qxf3 Bg7 18. Qe2 Bf5 19. Qd2 Qh4 20. f3 Bh6 21.
Qf2 Qxf2+ 22. Kxf2 a5 23. b5 b6 24. Bc1 Bxc1 25. Raxc1 h6 26. Nd2 g5 27. Ke3
Rae8 28. g3 Bg6 29. Rf1 Rf6 30. Rf2 Ref8 31. Rcf1 R8f7 32. a3 Kf8 33. Rh1 Bh5
34. Rhf1 Bg6 35. Rh1 Bh5 36. h4 g4 37. Rg1 Bg6 38. Rgf1 gxf3 39. Nxf3 Ke7 40.
Nd2 Rxf2 41. Rxf2 Rxf2 42. Kxf2 Kf6 43. g4 Bc2 44. Ke3 Bd1 45. Ne4+ Kf7 46. g5
Bc2 47. Nf6 Bf5 48. Kd2 hxg5 49. hxg5 Ke7 50. Ke3 Kf7 51. Kd2 Ke7 1/2-1/2

[Event "I Memorial Felix Alexander Sonnenfeld"]
[Site "Rio de Janeiro BRA"]
[Date "2009.02.05"]
[Round "5.1"]
[White "Guerrero, Alvaro"]
[Black "Limp, Eduardo Thelio"]
[Result "0-1"]
[WhiteElo "2178"]
[BlackElo "2389"]
[PlyCount "72"]
[EventDate "2009.02.01"]
[EventType "tourn"]
[EventRounds "9"]
[EventCountry "BRA"]
[EventCategory "2"]
[Source "lmi"]
[SourceDate "2009.02.01"]

1. d4 Nf6 2. c4 e6 3. Nc3 Bb4 4. f3 d5 5. a3 Bxc3+ 6. bxc3 h6 7. cxd5 exd5 8.
e3 O-O 9. Bd3 Re8 10. Ne2 b6 11. O-O Ba6 12. Bxa6 Nxa6 13. Qd3 Qc8 14. Rf2 c5
15. g4 Nc7 16. h4 Ne6 17. Bd2 cxd4 18. exd4 Qc4 19. Qf5 Nc5 20. Nc1 Na4 21. g5
Nh7 22. gxh6 g6 23. Rg2 Re6 24. h5 Rf6 25. Qe5 Qc6 26. hxg6 Rxg6 27. Rxg6+
Qxg6+ 28. Kf2 Nf6 29. Ne2 Re8 30. Qh2 Ng4+ 31. fxg4 Qd3 32. h7+ Kh8 33. Kf1
Qxd2 34. Qf2 Kg7 35. Re1 Nb2 36. Ng3 Qxf2+ 0-1

[Event "I Memorial Felix Alexander Sonnenfeld"]
[Site "Rio de Janeiro BRA"]
[Date "2009.02.04"]
[Round "5.3"]
[White "Cunha, Eduardo Arruda"]
[Black "Silva, Celso Renato R. Da"]
[Result "1-0"]
[WhiteElo "2206"]
[BlackElo "2196"]
[PlyCount "65"]
[EventDate "2009.02.01"]
[EventType "tourn"]
[EventRounds "9"]
[EventCountry "BRA"]
[EventCategory "2"]
[Source "lmi"]
[SourceDate "2009.02.01"]

1. e4 c5 2. Nf3 Nc6 3. d4 cxd4 4. Nxd4 d6 5. Nc3 Nf6 6. f3 g6 7. Be3 Bg7 8. Qd2
Bd7 9. Bc4 a6 10. Bb3 Na5 11. O-O-O Nxb3+ 12. cxb3 b5 13. Kb1 Qa5 14. g4 Rd8
15. h4 e5 16. Nde2 Be6 17. Bh6 Rg8 18. Bxg7 Rxg7 19. h5 gxh5 20. g5 Ng8 21.
Rxh5 f5 22. Ng3 f4 23. Nf5 Rgd7 24. Qh2 Qc7 25. Nh6 Kf8 26. Nxg8 Kxg8 27. g6
Rg7 28. gxh7+ Rxh7 29. Rg1+ Kh8 30. Rg6 Bg8 31. Qh4 Qf7 32. Rxh7+ Bxh7 33.
Qxd8+ 1-0

[Event "I Memorial Felix Alexander Sonnenfeld"]
[Site "Rio de Janeiro BRA"]
[Date "2009.02.05"]
[Round "5.4"]
[White "Saldaño Dayer, Horacio"]
[Black "Guimaraes, Wagner Peixoto"]
[Result "1-0"]
[WhiteElo "2450"]
[BlackElo "2253"]
[PlyCount "85"]
[EventDate "2009.02.01"]
[EventType "tourn"]
[EventRounds "9"]
[EventCountry "BRA"]
[EventCategory "2"]
[Source "lmi"]
[SourceDate "2009.02.01"]

1. e4 e5 2. Nf3 Nc6 3. Nc3 Nf6 4. Bb5 Nd4 5. Nxe5 c6 6. Bd3 d5 7. O-O Bd6 8. f4
Bxe5 9. fxe5 Ng4 10. exd5 Qh4 11. h3 Nxe5 12. Qe1 Qxe1 13. Rxe1 f6 14. Re4 Nf5
15. dxc6 bxc6 16. Bf1 c5 17. d3 Bb7 18. Rf4 Nd4 19. Rf2 O-O-O 20. Bf4 Ng6 21.
Bh2 Rhe8 22. Na4 Ne6 23. b3 h5 24. a3 Bc6 25. Nb2 Nd4 26. Nc4 Re6 27. b4 Rd5
28. c3 Nb5 29. Rc1 Rg5 30. a4 Nc7 31. b5 Ba8 32. Nd6+ Kd7 33. Ne4 Bxe4 34. dxe4
Ne5 35. Bf4 Rg6 36. Be3 a6 37. Bxc5 Kc8 38. Bd4 a5 39. c4 Re7 40. c5 Ne6 41.
Bxe5 fxe5 42. b6 Nf4 43. Ba6+ 1-0

[Event "I Memorial Felix Alexander Sonnenfeld"]
[Site "Rio de Janeiro BRA"]
[Date "2009.02.05"]
[Round "5.5"]
[White "Chauca, Jose"]
[Black "Medeiros Jr, Jorge Luiz Cabral"]
[Result "1-0"]
[WhiteElo "2173"]
[BlackElo "2295"]
[PlyCount "87"]
[EventDate "2009.02.01"]
[EventType "tourn"]
[EventRounds "9"]
[EventCountry "BRA"]
[EventCategory "2"]
[Source "lmi"]
[SourceDate "2009.02.01"]

1. e4 c5 2. Nf3 e6 3. d4 cxd4 4. Nxd4 a6 5. Bd3 Qc7 6. O-O Nf6 7. Qe2 d6 8. c4
Be7 9. Nc3 Nbd7 10. Nf3 b6 11. h3 O-O 12. Bf4 e5 13. Bg5 Bb7 14. Rac1 Nc5 15.
Bb1 Rac8 16. Rfd1 Qb8 17. Nh4 g6 18. Qf3 Ncd7 19. b3 Rfe8 20. Qe3 Nc5 21. Nf3
Qa8 22. Bxf6 Bxf6 23. Rxd6 Be7 24. Rdd1 Bf8 25. Nd5 Bxd5 26. Rxd5 f6 27. b4 Na4
28. Qb3 Qc6 29. a3 Kg7 30. Ba2 Rc7 31. Rcd1 Be7 32. g4 h6 33. Kg2 b5 34. c5 Qe6
35. R1d2 h5 36. gxh5 g5 37. Nh2 Rh8 38. Qf3 Qc8 39. Nf1 Qe8 40. Ng3 Rh7 41. Bb3
a5 42. Bd1 Kh8 43. Qd3 Qf7 44. Bg4 1-0